000
00228nam a22001097a 4500
003
OSt
008
231115b |||||||| |||| 00| 0 eng d
041
_a
mal
100
_a
Peter, K.C.
_9
4431
245
_a
Dr. Santhosh /
942
_c
BK
999
_c
17880
_d
17880